<?xml version="1.0" encoding="UTF-8"?><?xml-stylesheet type="text/xsl" href="static/style.xsl"?><OAI-PMH xmlns="http://www.openarchives.org/OAI/2.0/" xmlns:xsi="http://www.w3.org/2001/XMLSchema-instance" xsi:schemaLocation="http://www.openarchives.org/OAI/2.0/ http://www.openarchives.org/OAI/2.0/OAI-PMH.xsd"><responseDate>2026-04-30T05:20:51Z</responseDate><request verb="GetRecord" identifier="oai:uvadoc.uva.es:10324/888" metadataPrefix="marc">https://uvadoc.uva.es/oai/request</request><GetRecord><record><header><identifier>oai:uvadoc.uva.es:10324/888</identifier><datestamp>2021-06-23T16:39:49Z</datestamp><setSpec>com_10324_30605</setSpec><setSpec>com_10324_894</setSpec><setSpec>col_10324_41</setSpec></header><metadata><record xmlns="http://www.loc.gov/MARC21/slim" xmlns:doc="http://www.lyncode.com/xoai" xmlns:xsi="http://www.w3.org/2001/XMLSchema-instance" xmlns:dcterms="http://purl.org/dc/terms/" xsi:schemaLocation="http://www.loc.gov/MARC21/slim http://www.loc.gov/standards/marcxml/schema/MARC21slim.xsd">
<leader>00925njm 22002777a 4500</leader>
<datafield tag="042" ind1=" " ind2=" ">
<subfield code="a">dc</subfield>
</datafield>
<datafield tag="720" ind1=" " ind2=" ">
<subfield code="a">Ortiz de Galisteo Marín, José Pablo</subfield>
<subfield code="e">author</subfield>
</datafield>
<datafield tag="260" ind1=" " ind2=" ">
<subfield code="c">2011</subfield>
</datafield>
<datafield tag="520" ind1=" " ind2=" ">
<subfield code="a">Partiendo de siete años de datos (2002/2008) de contenido total en columna de vapor de agua atmosférico o&#xd;
agua precipitable, obtenido de las estaciones de radiosondeo, de la red de fotómetros solares de AERONET, y&#xd;
de los receptores GPS de EUREF sobre la Península, se ha caracterizado el comportamiento de este&#xd;
componente atmosférico para cada uno de los emplazamientos disponibles y en su conjunto, estudiando sus&#xd;
valores medios (diarios, mensuales y anuales), el ciclo anual, el ciclo diurno, su variabilidad temporal para&#xd;
periodos de un día y una hora, y la distribución en la vertical.&#xd;
Complementariamente se ha realizado una intercomparación entre las tres técnicas y se han estudiado las&#xd;
posibles sinergias entre ellas, como son la detección de las diferencias día/noche en los datos de sondeo, la&#xd;
mejora en los datos GPS tras la adopción de una calibración absoluta del centro de fase de las antenas, el&#xd;
estudio del envejecimiento de los filtros de los fotómetros, y las diferencias en las medidas de los fotómetros&#xd;
por medir sólo en condiciones de cielos despejados.&#xd;
Finalmente se ha analizados algunos casos de estudio en los que el agua precipitable ha experimentado&#xd;
importantes variaciones para mostrar la potencialidad de las medidas de los GPS.</subfield>
</datafield>
<datafield tag="024" ind2=" " ind1="8">
<subfield code="a">http://uvadoc.uva.es/handle/10324/888</subfield>
</datafield>
<datafield tag="024" ind2=" " ind1="8">
<subfield code="a">b1629756</subfield>
</datafield>
<datafield tag="024" ind2=" " ind1="8">
<subfield code="a">10.35376/10324/888</subfield>
</datafield>
<datafield ind1=" " ind2=" " tag="653">
<subfield code="a">Vapor</subfield>
</datafield>
<datafield ind1=" " ind2=" " tag="653">
<subfield code="a">Precipitaciones (Meteorología)-Ibérica, Península (España y Portugal)</subfield>
</datafield>
<datafield ind1=" " ind2=" " tag="653">
<subfield code="a">Alta atmosféra-Sondeos por radiosonda</subfield>
</datafield>
<datafield ind1=" " ind2=" " tag="653">
<subfield code="a">Navstar-GPS, Sistema</subfield>
</datafield>
<datafield tag="245" ind1="0" ind2="0">
<subfield code="a">Análisis del contenido total en columna de vapor de agua atmosférico sobre la Península Ibérica medido con distintas técnicas: radiosondas, fotómetros solares y sistema GPS</subfield>
</datafield>
</record></metadata></record></GetRecord></OAI-PMH>